Obnova stredovekých mestských opevnení na území Slovenska

Salvato in:
Dettagli Bibliografici
Autore principale: Škrinárová, Alexandra, 1987- (Autore)
Altri autori: Gregorová, Jana (Relatore della tesi)
Natura: Manoscritto Libro
Lingua:slovacco
Pubblicazione: Bratislava 2015
Soggetti:
Accesso online:https://opac.crzp.sk/?fn=detailBiblioForm&sid=288AEB55AAC80340350B42B08CCB
Tags: Aggiungi Tag
Nessun Tag, puoi essere il primo ad aggiungerne!!

MARC

LEADER 00000ntm a22000003a 4500
001 stuzp35760
003 SK-STU
005 20230317130658.0
007 ta
008 150427s2015----xo-----f-mn---000-0-slo-d
040 |a STU  |b slo 
041 0 |a slo 
100 1 |a Škrinárová, Alexandra,  |d 1987-  |u 052120  |4 aut  |9 100  |U FAD Fakulta architektúry  |T FA Ústav ekologickej a experimentálnej architektúry  |X 39899  |U A2120  |Y 393  |7 A000039899 
242 0 1 |a Conservation of Medieval Town Walls on the Territory of Slovakia  |y eng 
245 1 0 |a Obnova stredovekých mestských opevnení na území Slovenska 
260 |c 2015  |a Bratislava 
300 |a 224 s. 
650 4 |a mestské opevnenie  |2 slo 
650 4 |a prezentácia  |2 slo 
650 4 |a stredovek  |2 slo 
650 4 |a pamiatková obnova  |2 slo 
650 4 |a rámcová metóda pamiatkovej obnovy  |2 slo 
650 4 |a Middle Ages  |2 eng 
650 4 |a town walls  |2 eng 
650 4 |a conservation of monuments  |2 eng 
650 4 |a framework method of conservation of monuments  |2 eng 
700 1 |a Gregorová, Jana  |4 ths  |X 420  |7 A000000420 
856 4 |u http://is.stuba.sk/zp/portal_zp.pl?podrobnosti=102396  |z https://opac.crzp.sk/?fn=detailBiblioForm&sid=288AEB55AAC80340350B42B08CCB 
996 |b 284AB01209  |c A* 9464/V  |l AAKNST  |s P  |a 0  |w stuzp35760_0001 
SQL |a stuzp35760  |b DDZ  |c SLO  |d Obnova stredovekých mestských opevnení na území Slovenska  |e 39899  |f Škrinárová, Alexandra  |g 052120  |h 420  |i Gregorová, Jana  |j 20150929  |k 164  |l 05  |m http://is.stuba.sk/zp/portal_zp.pl?podrobnosti=102396  |n D-OAD  |o 5.1.1. architektúra a urbanizmus